Smart new homes online (Record no. 66543)

MARC details
000 -LEADER
fixed length control field 00653cam a2200193 4500
001 - CONTROL NUMBER
control field WB3713-09
008 - FIXED-LENGTH DATA ELEMENTS--GENERAL INFORMATION
fixed length control field 000000n2001 000 0 eng u
035 ## - SYSTEM CONTROL NUMBER
System control number (Sirsi) u111681
245 ## - TITLE STATEMENT
Title Smart new homes online
260 ## - PUBLICATION, DISTRIBUTION, ETC.
Date of publication, distribution, etc. 2001
490 ## - SERIES STATEMENT
Series statement Negotiator
Volume/sequential designation (16:6) 23 March 2001, 4(1)
520 ## - SUMMARY, ETC.
Summary, etc. An additional website has been launched by property marketing company Smart Estates. Smartnewhomes.com has been set up to target housebuilders, with the ability to promote new properties on the site.
590 ## - LOCAL NOTE (RLIN)
Local note WB
650 ## - SUBJECT ADDED ENTRY--TOPICAL TERM
Topical term or geographic name entry element SMARTNEWHOMES.COM
650 ## - SUBJECT ADDED ENTRY--TOPICAL TERM
Topical term or geographic name entry element HOUSE BUILDERS
650 ## - SUBJECT ADDED ENTRY--TOPICAL TERM
Topical term or geographic name entry element INTERNET SERVICE
690 ## - LOCAL SUBJECT ADDED ENTRY--TOPICAL TERM (OCLC, RLIN)
Topical term or geographic name as entry element HOUSING
942 ## - ADDED ENTRY ELEMENTS (KOHA)
Suppress in OPAC 0
Holdings
Withdrawn status Lost status Source of classification or shelving scheme Damaged status Not for loan Home library Current library Shelving location Date acquired Total Checkouts Full call number Barcode Date last seen Copy number Price effective from Koha item type
    Dewey Decimal Classification     London London News article 28/03/2001   WB3713-09 111681-1001 06/08/2019 1 06/08/2019 News article